000 00460nam a2200181Ia 4500
003 GCL
008 140319s9999 xx 000 0 ara d
040 _aGCL /
_cGCL
082 0 4 _a813.03
_bط و
100 1 _aطه حسين
245 1 0 _aالوعد الحق /
_cطه حسين
300 _a176
490 _aاقرأ
_v0
650 0 4 _aالادب العربى
650 0 4 _aالعصر الحديث
650 0 4 _aالقصص العربية
942 _2ddc
_cBK
999 _c40818
_d40818